|
|
|
|
| LEADER |
00749nab a2200229 i 4500 |
| 001 |
publ38162 |
| 005 |
20251030141054.0 |
| 008 |
251030s2019 hu o 000 eng d |
| 022 |
|
|
|a 1855-3966
|
| 024 |
7 |
|
|a 10.26493/1855-3974.1350.990
|2 doi
|
| 024 |
7 |
|
|a 30379905
|2 mtmt
|
| 040 |
|
|
|a SZTE Publicatio Repozitórium
|b hun
|
| 041 |
|
|
|a eng
|
| 100 |
1 |
|
|a Győrffy Lajos
|
| 245 |
1 |
4 |
|a The pairing strategies of the 9-in-a-row game
|h [elektronikus dokumentum] /
|c Győrffy Lajos
|
| 260 |
|
|
|c 2019
|
| 300 |
|
|
|a 97-109
|
| 490 |
0 |
|
|a ARS MATHEMATICA CONTEMPORANEA
|v 16 No. 1
|
| 650 |
|
4 |
|a Matematika
|
| 700 |
0 |
1 |
|a Makay Géza
|e aut
|
| 700 |
0 |
1 |
|a Pluhár András
|e aut
|
| 856 |
4 |
0 |
|u http://publicatio.bibl.u-szeged.hu/38162/1/admin2CAMC_1350_2018.pdf
|z Dokumentum-elérés
|